Family Feud #17 - Statistics

General Stats
  • This quiz has been taken 20 times
  • The average score is 1 of 5
Answer Stats
Hint Answer % Correct
35 Money
100%
25 Pizza
18%
20 Chocolate
6%
10 Clean Laundry
6%
5 Wi-Fi signals
6%
No matching quizzes found
Score Distribution
Percent of People with Each Score
Percentile by Number Answered
Your Score History
You have not taken this quiz